| 000 | 00589 a2200169 4500 | ||
|---|---|---|---|
| 005 | 20190806102649.0 | ||
| 008 | 190606b1999 sp ||||| |||| 00| 0 spa d | ||
| 020 | _a8447013324 | ||
| 040 |
_aCO-BoUCM _bspa _cOscar Ávila (modificó) _dOscar Ávila (modificó) |
||
| 041 | 0 | _aspa | |
| 100 | 1 | 0 |
_aEscuin Palop, Vicente _996913 |
| 245 | 1 | 3 |
_aEl acto administrativo implícito _cVicente Escuin Palop |
| 260 |
_bCivitas ediciones _c1999 _aMadrid _g1999 |
||
| 650 | 7 |
_98462 _aActos administrativos |
|
| 942 |
_cLIBRO _2DEWEY _a8 _e1 _h342.066 _mE749ac _n0 |
||
| 999 |
_c313011 _d313011 |
||